000 00323nam a22001457a 4500
008 230614b ||||| |||| 00| 0 eng d
020 _a9780077297045
041 _aeng
080 _a51
082 _a51HEN
100 _a24
101 _aMATE
245 _aBEGINNING INTERMEDIATE ALGEBRA
_cHENDRICKS A
942 _2udc
_cBK
999 _c59968
_d59968